000 00744nam a2200217Ii 4500
003 JO-AjNU
008 230605s9999||||xx |||||||||||||| ||und||
017 _a1977/2869
020 _a977-7222-47-5
040 _aJO-AjNU
_bara
_erda
_cJO-AjNU
041 _aara
050 1 4 _aGV1017.H2.D36 1977
100 3 _aدرويس، كمال ,
_eauthor
_919894
245 0 0 _aنظريات وطرق التربية الرياضية للترويح واوقات الفراغ
264 3 1 _aبيروت: دار الجيل للطباعة، 1977
300 _a286ص
336 _atext
_btxt
_2rdacontent
337 _aunmediated
_bn
_2rdamedia
338 _avolume
_bnc
_2rdacarrier
650 4 _aاوقات الفراغ- االتربية الرياضية
_919895
999 _aA6646
_c10214
_d10214